000 00771nam a2200241 i 4500
001 8693
003 ES-MaACL
005 20250629082007.0
007 t|
008 920824s1987 sp ||||1| spa d
020 _a84-505-6364-X
080 _a86-14"19"
080 _a86(Guía Manzaneque,J-A.de la 7 A.01)
100 1 _aGuía Manzaneque, José-Aureliano de la.
_960627
245 1 3 _aEl Anacoreta y la dríade /
_cJosé-Aureliano de la Guía Manzaneque.
260 _aTalavera de la Reina :
_bAyuntamiento,
_c1987.
300 _a56 p. ;
_c21 cm.
490 1 _aColección Melibea ;
_v22
710 1 _aTalavera de la Reina.
_bAyuntamiento
_96902
830 0 _aColección Melibea ;
_v22
_9178216
852 _aES-MaACL
_jL-16131
_bR.117883
999 _c8693
_d8693